000
00269nam a2200109Ia 4500
001
1282896
005
20260417163714.0
008
260417s9999 xx 000 0 und d
020
_a
9786258099737
245
0
_a
Madam Curie - Bilimin Kraliçesi
260
_b
Dokuz Çocuk
999
_c
1282896
_d
1282896